| 000 | 00876cam a22002413a 4500 | ||
|---|---|---|---|
| 001 | 10611 | ||
| 003 | PGUSA | ||
| 005 | 20140828083226.0 | ||
| 008 | 040101s2004||||xxu|||||s|||||000 | eng d | ||
| 040 |
_aPGUSA _beng |
||
| 042 | _adc | ||
| 050 | 4 | _aHT | |
| 100 | 1 |
_aClarkson, Thomas, _d1760-1846 |
|
| 245 | 1 | 3 |
_aAn Essay on the Slavery and Commerce of the Human Species, Particularly the African : _bTranslated from a Latin Dissertation, Which Was Honoured with the First Prize in the University of Cambridge, for the Year 1785, with Additions _h[electronic resource] / _cThomas Clarkson |
| 260 |
_bProject Gutenberg, _c2004 |
||
| 506 | _aPublic domain in the USA. | ||
| 516 | _aElectronic text | ||
| 653 | _aSlave trade -- Africa | ||
| 653 | _aSlavery -- History | ||
| 830 | 0 |
_aProject Gutenberg _v10611 |
|
| 856 | 4 | 0 | _uhttp://www.gutenberg.org/ebooks/10611 |
| 942 | _cEB | ||
| 999 |
_c239866 _d239866 |
||